LEADER 00938nam0 2200265 450 001 000026982 005 20100211113935.0 100 $a20100121d2009----km-y0itay50------ba 101 0 $aita 102 $aIT 105 $ay-------001yy 200 1 $aSeminario giuridico su Il federalismo preso sul serio$edifferenze, perequazione, premialità (4 dicembre 2008)$frelazione introduttiva di Giacinto della Cananea 210 $aRoma$cSvimez$d2009 215 $a89 p.$d24 cm 225 2 $aQuaderni Svimez$v20 410 0$12001$aQuaderni Svimez 500 10$aSeminario giuridico su Il federalismo preso sul serio$958571 610 1 $aFederalismo$aItalia 676 $a321.020945$v21 702 1$aDella Cananea,$bGiacinto 801 0$aIT$bUNIPARTHENOPE$c20100121$gRICA$2UNIMARC 912 $a000026982 951 $aQUAS 300/20$b42027$cNAVA1$d2010 996 $aSeminario giuridico su Il federalismo preso sul serio$958571 997 $aUNIPARTHENOPE LEADER 01493cam0 22003131 450 001 SOBE00059923 005 20181004082328.0 012 $asene n-p- r-$. noMa (7) 1752 (R) 100 $a20180709d1752 |||||ita|0103 ba 101 $aita 102 $aIT 200 1 $aDelle forze dell'intendimento umano, o sia il pirronismo confutato, trattato di Lodovico Antonio Muratori, bibliotecario del serenissimo signor Duca di Modena, opposto al libro del preteso monsig. Huet intorno alla debolezza dell'umano intendimento 205 $aEdizione seconda 210 $aIn Venezia$cpresso Giambattista Pasquali$d1752 215 $a247, [1] p.$d8° 300 $aFregio tipografico sul frontespizio 300 $aSegnatura: A-P8 Q4 620 $dVenezia$9SOBA00017195 700 1$aMuratori$b, Lodovico Antonio$3A600200047880$4070$0152475 712 02$a*Pasquali, *Giambattista$3SOBA00017226$4650 801 0$aIT$bBEM$c20181004$gRICA 850 $aBEM 852 $aBEM$jVII.B$m00239 912 $aSOBE00059923 940 $aM 103 Monografia antica SBN 941 $aM 957 $xPagliara|R$aVII.B$b00035$gNO$cPR$d00239$hPagliaraR$rDono$1tcalvano$2BEM$3BEM$420180709112342.0$520180709112410.0$6tcalvano 996 $aDelle forze dell'intendimento umano, o sia il Pirronismo confutato, trattato di Lodovico Antonio Muratori bibliotecario del serenissimo signor duca di Modena, opposto al libro del preteso Monsig. Huet intorno alla debolezza dell'umano intendimento$91133978 997 $aUNISOB